000 00887nam a22002057a 4500
999 _c19782
_d19782
003 AR-CdUCM
008 190228b ||||| |||| 00| 0 spa d
040 _aMUNICIPALIDAD PROVINCIAL DEL CUSCO
_cBIBLIOTECA MUNICIPAL DEL CUSCO
082 _a910.2 /
_bAS85
100 _aAstete Saavedra, Francisco
_941368
245 _aManual de terminologia especializada en turismo :
_cConceptos, definiciones y datos básicos que hay que recordar /
260 _aCusco - Perú :
_bCopyright,
_c1972.
300 _a139 paginas :
_c23 cm.
_bImágenes, Ilustraciones, Mapas
505 _aContenido : Terminología especializada en turismo en orden alfabético -- Conservación de patrimonio Nacional -- Termalismo -- Turismo sostenible...
650 _aTurismo Receptivo.
_97160
650 _aTurismo del Perú
_941369
650 _aCircuitos turísticos
_941370
942 _2ddc
_cLIBROS
945 _arcc